გამართული ანტრეპრენერობა : (ბიბ.ჩანაწერი № 61254)
[ მარტივი ფორმატი ]
| 000 -ლიდერი | |
|---|---|
| ფიქსირებული სიგრძის საკონტროლო ველი | 02202nam a22002657a 4500 |
| 003 - საკონტროლო ნომრის იდენტიფიკატორი | |
| საკონტროლო ველი | Ge_BSU |
| 005 - ბოლო ოპერაციის თარიღი და დრო | |
| საკონტროლო ველი | 20240112143512.0 |
| 008 - ფიქსირებული სიგრძის მონაცემთა ელემენტები - ზოგადი ინფორმაცია | |
| ფიქსირებული სიგრძის საკონტროლო ველი | 240112s2021 ge ||||| |||| 00| 0 geo d |
| 020 ## - წიგნის საერთაშორისო სტანდარტული ნომერი | |
| International Standard Book Number | 9789941326325 |
| 041 ## - ენის კოდი | |
| Language code of text/sound track or separate title | geo |
| 080 ## - უნივერსალური ათობითი კლასიფიკაციის ინდექსი | |
| Universal Decimal Classification number | 005:511 ო-43 |
| 100 ## - მთავარი ჩანაწერი - პიროვნების სახელი | |
| Personal name | ოლეტი, ბილ |
| 9 (RLIN) | 21035 |
| 245 ## - ცნობა სათაურის შესახებ | |
| Title | გამართული ანტრეპრენერობა : |
| Statement of responsibility, etc | ბილ ოლეტი; ინგლისურიდან თარგმნა ხათუნა ბასილაშვილმა; ილუსტრატორი მარიუს ურსაჩი; სარედაქციო ჯგუფი: ზურაბ აბაშიძე, სალომე ლომთაძე, რუსუდან გელაშვილი [და სხვა]. |
| Remainder of title | 24 ნაბიჯი წარმატებული სტარტაპისკენ / |
| 264 ## - წარმოების, გამოცემის, დისტრიბუციის და სხვა ცნობები | |
| გამოცემის, წარმოების, დისტრიბუციის... ადგილი | თბილისი : |
| გამოცემის, წარმოების, დისტრიბუციის... სახელწოდება | პალიტრა L, |
| გამოცემის, წარმოების, დისტრიბუციის... თარიღი | 2021. |
| 300 ## - ფიზიკური აღწერა | |
| Extent | 314 გვ. : |
| Other physical details | ილ. ; |
| Dimensions | 20 სმ |
| 500 ## - ზოგადი შენიშვნა | |
| General note | წიგნის თარგმნა და გამოცემა ბიზნესისა და ტექნოლოგიების უნივერსიტეტის ინიციატივით და საქართველოში აშშ-ის საელჩოს წიგნის თარგმნის პროგრამის ფარგლებში განხორციელდა. |
| 501 ## - შენიშვნა თანმხლებ მასალაზე | |
| With note | ლექსიკონი: გვ. 297-298. საძიებელი: გვ. 301-314. |
| 653 ## - INDEX TERM--UNCONTROLLED | |
| Uncontrolled term | ბიზნესის დაგეგმვა |
| 700 ## - ADDED ENTRY--PERSONAL NAME | |
| Personal name | ბასილაშვილი, ხათუნა |
| Relator term | მთარგმნელი |
| 9 (RLIN) | 7737 |
| 700 ## - ADDED ENTRY--PERSONAL NAME | |
| Personal name | ურსაჩი, მარიუს |
| Relator term | ილუსტრატორი |
| 9 (RLIN) | 21036 |
| 700 ## - ADDED ENTRY--PERSONAL NAME | |
| Personal name | აბაშიძე, ზურაბ |
| Relator term | რედაქტორი |
| 9 (RLIN) | 1322 |
| 700 ## - ADDED ENTRY--PERSONAL NAME | |
| Personal name | ლომთაძე, სალომე |
| Relator term | რედაქტორი |
| 9 (RLIN) | 21037 |
| 700 ## - ADDED ENTRY--PERSONAL NAME | |
| Personal name | გელაშვილი, რუსუდან და სხვ. |
| Relator term | რედაქტორი |
| 9 (RLIN) | 21038 |
| 942 ## - ADDED ENTRY ELEMENTS (KOHA) | |
| Source of classification or shelving scheme | |
| Koha item type | წიგნი |
| ჩამოწერის სტატუსი | დაკარგული ეგზემპლარის სტატუსი | კლასიფიკაციის წყარო ან თაროზე გაწყობის სქემა | დაზიანების სტატუსი | არ გაიცემა | მუდმივი მდებარეობა (დაცვის ადგილი) | ამჟამინდელი ადგილსამყოფელი | თაროზე განთავსების ადგილი | შეძენის თარიღი | ღირებულება, შესყიდვის ნორმალური ფასი | სრული შენახვის შიფრი | შტრიხკოდი | ბოლო ოპერაციის თარიღი | ეგზემპლარის მიმდევრობითი ნომერი (კეტერი?) | ფასის ძალაში შესვლის თარიღი | ეგზემპლარის სახეობა | საჯარო შენიშვნა |
|---|---|---|---|---|---|---|---|---|---|---|---|---|---|---|---|---|
| ბათუმის შოთა რუსთაველის სახელმწიფო უნივერსიტეტის მთავარი ბიბლიოთეკა | ბათუმის შოთა რუსთაველის სახელმწიფო უნივერსიტეტის მთავარი ბიბლიოთეკა | წიგნსაცავი | 2024-01-12 | 28.00 | 005:511 ო-43 | 67077 | 2024-01-12 | 67077 | 2024-01-12 | წიგნი | 28 ლ. | |||||
| ბათუმის შოთა რუსთაველის სახელმწიფო უნივერსიტეტის მთავარი ბიბლიოთეკა | ბათუმის შოთა რუსთაველის სახელმწიფო უნივერსიტეტის მთავარი ბიბლიოთეკა | წიგნსაცავი | 2024-01-12 | 28.00 | 005:511 ო-43 | 67078 | 2024-01-12 | 67078 | 2024-01-12 | წიგნი | 28 ლ. | |||||
| ბათუმის შოთა რუსთაველის სახელმწიფო უნივერსიტეტის მთავარი ბიბლიოთეკა | ბათუმის შოთა რუსთაველის სახელმწიფო უნივერსიტეტის მთავარი ბიბლიოთეკა | წიგნსაცავი | 2024-01-12 | 28.00 | 005:511 ო-43 | 67079 | 2024-01-12 | 67079 | 2024-01-12 | წიგნი | 28 ლ. | |||||
| ბათუმის შოთა რუსთაველის სახელმწიფო უნივერსიტეტის მთავარი ბიბლიოთეკა | ბათუმის შოთა რუსთაველის სახელმწიფო უნივერსიტეტის მთავარი ბიბლიოთეკა | წიგნსაცავი | 2024-01-12 | 28.00 | 005:511 ო-43 | 67080 | 2024-01-12 | 67080 | 2024-01-12 | წიგნი | 28 ლ. | |||||
| ბათუმის შოთა რუსთაველის სახელმწიფო უნივერსიტეტის მთავარი ბიბლიოთეკა | ბათუმის შოთა რუსთაველის სახელმწიფო უნივერსიტეტის მთავარი ბიბლიოთეკა | წიგნსაცავი | 2024-01-12 | 28.00 | 005:511 ო-43 | 67081 | 2024-01-12 | 67081 | 2024-01-12 | წიგნი | 28 ლ. | |||||
| ბათუმის შოთა რუსთაველის სახელმწიფო უნივერსიტეტის მთავარი ბიბლიოთეკა | ბათუმის შოთა რუსთაველის სახელმწიფო უნივერსიტეტის მთავარი ბიბლიოთეკა | წიგნსაცავი | 2024-01-12 | 28.00 | 005:511 ო-43 | 67082 | 2024-01-12 | 67082 | 2024-01-12 | წიგნი | 28 ლ. | |||||
| ბათუმის შოთა რუსთაველის სახელმწიფო უნივერსიტეტის მთავარი ბიბლიოთეკა | ბათუმის შოთა რუსთაველის სახელმწიფო უნივერსიტეტის მთავარი ბიბლიოთეკა | წიგნსაცავი | 2024-01-12 | 28.00 | 005:511 ო-43 | 67083 | 2024-01-12 | 67083 | 2024-01-12 | წიგნი | 28 ლ. | |||||
| ბათუმის შოთა რუსთაველის სახელმწიფო უნივერსიტეტის მთავარი ბიბლიოთეკა | ბათუმის შოთა რუსთაველის სახელმწიფო უნივერსიტეტის მთავარი ბიბლიოთეკა | წიგნსაცავი | 2024-01-12 | 28.00 | 005:511 ო-43 | 67084 | 2024-01-12 | 67084 | 2024-01-12 | წიგნი | 28 ლ. | |||||
| ბათუმის შოთა რუსთაველის სახელმწიფო უნივერსიტეტის მთავარი ბიბლიოთეკა | ბათუმის შოთა რუსთაველის სახელმწიფო უნივერსიტეტის მთავარი ბიბლიოთეკა | წიგნსაცავი | 2024-01-12 | 28.00 | 005:511 ო-43 | 67085 | 2024-01-12 | 67085 | 2024-01-12 | წიგნი | 28 ლ. | |||||
| ბათუმის შოთა რუსთაველის სახელმწიფო უნივერსიტეტის მთავარი ბიბლიოთეკა | ბათუმის შოთა რუსთაველის სახელმწიფო უნივერსიტეტის მთავარი ბიბლიოთეკა | წიგნსაცავი | 2024-01-12 | 28.00 | 005:511 ო-43 | 67086 | 2024-01-12 | 67086 | 2024-01-12 | წიგნი | 28 ლ. | |||||
| ბათუმის შოთა რუსთაველის სახელმწიფო უნივერსიტეტის მთავარი ბიბლიოთეკა | ბათუმის შოთა რუსთაველის სახელმწიფო უნივერსიტეტის მთავარი ბიბლიოთეკა | წიგნსაცავი | 2024-01-12 | 28.00 | 005:511 ო-43 | 67087 | 2024-01-12 | 67087 | 2024-01-12 | წიგნი | 28 ლ. | |||||
| ბათუმის შოთა რუსთაველის სახელმწიფო უნივერსიტეტის მთავარი ბიბლიოთეკა | ბათუმის შოთა რუსთაველის სახელმწიფო უნივერსიტეტის მთავარი ბიბლიოთეკა | წიგნსაცავი | 2024-01-12 | 28.00 | 005:511 ო-43 | 67088 | 2024-01-12 | 67088 | 2024-01-12 | წიგნი | 28 ლ. | |||||
| ბათუმის შოთა რუსთაველის სახელმწიფო უნივერსიტეტის მთავარი ბიბლიოთეკა | ბათუმის შოთა რუსთაველის სახელმწიფო უნივერსიტეტის მთავარი ბიბლიოთეკა | წიგნსაცავი | 2024-01-12 | 28.00 | 005:511 ო-43 | 67089 | 2024-01-12 | 67089 | 2024-01-12 | წიგნი | 28 ლ. | |||||
| ბათუმის შოთა რუსთაველის სახელმწიფო უნივერსიტეტის მთავარი ბიბლიოთეკა | ბათუმის შოთა რუსთაველის სახელმწიფო უნივერსიტეტის მთავარი ბიბლიოთეკა | წიგნსაცავი | 2024-01-12 | 28.00 | 005:511 ო-43 | 67090 | 2024-01-12 | 67090 | 2024-01-12 | წიგნი | 28 ლ. | |||||
| ბათუმის შოთა რუსთაველის სახელმწიფო უნივერსიტეტის მთავარი ბიბლიოთეკა | ბათუმის შოთა რუსთაველის სახელმწიფო უნივერსიტეტის მთავარი ბიბლიოთეკა | წიგნსაცავი | 2024-01-12 | 28.00 | 005:511 ო-43 | 67091 | 2024-01-12 | 67091 | 2024-01-12 | წიგნი | 28 ლ. |
